Jozef Jankovič : sochy, kresby, počítačová grafika : Dům umění města Brna, Galerie Stará radnice Brno, 14. prosince 1988 - 15. ledna 1989 /

Hlavní autor: Jankovič, Jozef, 1937-2017
Další autoři: Valoch, Jiří, 1946-, Čeněk, Jaroslav, Hoffman, Ivan, 1952-, Marenčin, Martin, 1956-
Jazyk: Čeština
Vydáno: Brno : Dům umění města Brna, 1988
Témata:
Fyzický popis: 40 nečíslovaných stran : ilustrace ; 21 x 21 cm
Knihy
Uloženo v:
LEADER 01653nam a22003732i 4500
001 001531675
003 CZ BrMZK
005 20161020095357.0
007 ta
008 160617s1988 xr a er|||||||||||cze d
015 |z cnb000046563 
035 |a (OCoLC)39410052 
040 |a ABA001  |b cze  |d ABA001  |d BOA001  |e rda 
080 9 |a 730.071.1Jankovič,J. 
080 9 |a 730+681.3:744(437.6)"19":92Jankovič 
100 1 |a Jankovič, Jozef,  |d 1937-2017  |7 jn99240000359  |4 art 
245 1 0 |a Jozef Jankovič :  |b sochy, kresby, počítačová grafika : Dům umění města Brna, Galerie Stará radnice Brno, 14. prosince 1988 - 15. ledna 1989 /  |c úvodní text a redakce katalogu Jiří Valoch ; grafická úprava J. Jankovič ; fotografie Jaroslav Čenek, Ivan Hoffman, Martin Marenčin 
246 3 0 |a Sochy, kresby, počítačová grafika, Jozef Jankovič 
264 1 |a Brno :  |b Dům umění města Brna,  |c 1988 
300 |a 40 nečíslovaných stran :  |b ilustrace ;  |c 21 x 21 cm 
336 |a text  |b txt  |2 rdacontent 
337 |a bez média  |b n  |2 rdamedia 
338 |a svazek  |b nc  |2 rdacarrier 
600 1 7 |a Jankovič, Jozef,  |d 1937-  |7 jn99240000359  |2 czenas 
655 7 |a katalogy výstav  |7 fd132536  |2 czenas 
700 1 |a Valoch, Jiří,  |d 1946-  |7 jn19992010336  |4 wfw  |4 edt 
700 1 |a Jankovič, Jozef,  |d 1937-2017  |7 jn99240000359  |4 cov 
700 1 |a Čeněk, Jaroslav  |7 xx0099174  |4 pht 
700 1 |a Hoffman, Ivan,  |d 1952-  |7 jn99240000296  |4 pht 
700 1 |a Marenčin, Martin,  |d 1956-  |7 ola2002146883  |4 pht 
910 |a BOA001  |b X-0939.761 
990 |a BK 
991 |b 201605 
996 6 |b 2619164234  |c X-0939.761  |l MZK  |r Sklad / do 24 hodin  |n 0  |w 001566571  |u 000010  |a 1  |e BOA001  |j MZK50  |s P